Extragalactic astronomy and cosmology: an introduction
Gespeichert in:
| 1. Verfasser: | |
|---|---|
| Format: | Buch |
| Sprache: | Englisch |
| Veröffentlicht: |
Berlín
Springer
2015
|
| Ausgabe: | 2a. ed |
| Schlagworte: | |
| Tags: |
Tag hinzufügen
Keine Tags, Fügen Sie den ersten Tag hinzu!
|
MARC
| LEADER | 00000cam a2200000 a 4500 | ||
|---|---|---|---|
| 001 | UCC3089 | ||
| 003 | CL-VaPUC | ||
| 008 | 180413e20150000gw |||||||||||||||||eng|d | ||
| 020 | |a 9783642540820 | ||
| 082 | 0 | 4 | |a 523.1 |b SCH |2 21 |
| 100 | 0 | |a Schneider, Peter |e author |9 597153 | |
| 245 | 1 | 0 | |a Extragalactic astronomy and cosmology: an introduction |
| 250 | |a 2a. ed | ||
| 300 | |a 626 p | ||
| 942 | |c BK | ||
| 945 | |d 20180413 15:45:00 |a arojas | ||
| 260 | |a Berlín |b Springer |c 2015 | ||
| 650 | 0 | |a Cosmología |9 269138 | |
| 650 | 0 | |a Astronomía |9 260985 | |
| 650 | 0 | |a Galaxias |9 322985 | |
| 650 | 0 | |a Universo |9 266563 | |
| 583 | |a last modification |c 20180413 15:45:00 |k Rodrigo Vera | ||
| 999 | |c 370943 |d 370941 | ||
| 952 | |0 0 |1 0 |3 erd |4 0 |6 523_100000000000000_SCH_2015 |7 0 |8 A |9 487731 |a BIBCUR |b BIBCUR |i 5463882 |o 523.1 SCH 2015 |p 5463882 |r 2025-04-22 |w 2019-11-24 |y BK |z Catalogado en:20180413 |k FIS | ||
| 952 | |0 0 |1 0 |3 erd |4 0 |6 523_100000000000000_SCH_2015 |7 0 |8 A |9 487732 |a BIBCUR |b BIBCUR |i 5463890 |o 523.1 SCH 2015 |p 5463890 |r 2025-04-22 |w 2019-11-24 |y BK |z Catalogado en:20180413 |k FIS | ||
| 952 | |0 0 |1 0 |3 erd |4 0 |6 523_100000000000000_SCH_2015 |7 0 |8 A |9 487733 |a BIBCUR |b BIBCUR |i 5463904 |o 523.1 SCH 2015 |p 5463904 |r 2025-04-22 |w 2019-11-24 |y BK |z Catalogado en:20180413 |k FIS | ||
| 952 | |0 0 |1 0 |3 erd |4 0 |6 523_100000000000000_SCH_2015 |7 0 |8 A |9 487734 |a BIBCUR |b BIBCUR |i 5463912 |l 5 |o 523.1 SCH 2015 |p 5463912 |r 2025-04-22 |s 2025-03-10 |w 2019-11-24 |y BK |z Catalogado en:20180413 |k FIS | ||
| 952 | |0 0 |1 0 |3 erd |4 0 |6 523_100000000000000_SCH_2015 |7 0 |8 A |9 487735 |a BIBCUR |b BIBCUR |i 5463920 |o 523.1 SCH 2015 |p 5463920 |r 2025-04-22 |w 2019-11-24 |y BK |z Catalogado en:20180413 |k FIS | ||